Statistiques concernant Paroles : Casser la voix - Patrick Bruel

Cliquez ici pour prendre le quiz!

Statistiques générales

  • Ce quiz a été pris 325 fois
  • Le résultat moyen est 258 sur 325

Statistiques - réponses

Paroles% Correct
ça
99%
casser
99%
Casser
99%
La
99%
99%
la
99%
voix,
99%
voix
99%
ce
98%
de
97%
en
97%
En
97%
j'ai
97%
pas
97%
Si,
96%
soir,
96%
envie
95%
Envie
95%
ma
95%
Se
92%
se
92%
À
91%
le
91%
moi
91%
tout
91%
Tout
91%
D'me
90%
d'me
90%
Les
90%
les
90%
chez
88%
seul
88%
des
87%
Des
87%
vie
87%
Et
86%
gueule
84%
d'rentrer
83%
Pour
80%
pour
80%
qui
80%
autres,
79%
autres
79%
d'fermer
79%
un
79%
je
77%
M'en
76%
est
75%
j'suis
75%
"j'suis
75%
J'suis
75%
plus
75%
qu'on
75%
Qu'on
75%
Par
74%
sur
74%
Sur
74%
veux
74%
voir
73%
gens
72%
même
72%
jour
70%
J'peux
70%
Mais
69%
peinture
69%
d'après
68%
faire
68%
minuit
68%
con
67%
sa
66%
croire
65%
murs
65%
prendre
65%
nuit
64%
dans
63%
sourires
63%
s'en
62%
marqué
61%
c'qui
60%
son
59%
jamais
58%
Comme
57%
dégueulasse"
57%
l'amour
57%
télé
57%
vont
57%
restent
56%
chaque
55%
filles
55%
mon
55%
voit
55%
ces
54%
amis
53%
appelant
53%
lit
53%
d'l'amour
52%
Quand
51%
couleur
49%
s'disant
49%
enfants
48%
couche
46%
peur
45%
mienne
44%
espèrent
43%
manqués
43%
rendez-vous
43%
dégueux
42%
jeunes
42%
vieux
42%
ennui
41%
usés
41%
m'réveille
40%
temps
40%
Entre
39%
larmes
39%
traîne
39%
chat
38%
égorge
38%
flashs
38%
glace
38%
salauds
38%
devant
37%
haine
37%
joues
37%
aveuglent
36%
oublie
36%
perd
36%
beuglent
34%
souvenirs
34%
d'crier
33%
parents
33%
roulent
33%
coulent
32%
honteux
31%
journaux
31%
traînent
31%
rêves
29%
Sous
28%
Doucement
26%
cris
25%
l'regard
24%
gorge
21%
désteste
15%
viennent
14%
chansons
13%

Distribution des résultats

Percentile par nombre de réponses

% des personnes avec chaque résultat

Votre développement - résultats

Vous n’avez pas pris ce quiz